La sociedad de la prevención (Registro nro. 2935)

Detalles MARC
000 -Cabecera
Campo de control de longitud fija 00761aam a2200301 4500
005 - Fecha y hora de la última transacción
Campo de control 20260408191938.0
008 - Elementos de longitud fija--Información general
Campo de control de longitud fija 150618b2009 xxu||||| |||| 00| 0 spa d
020 ## - International Standard Book Number
Número Internacional Estándar del Libro (ISBN) 9789508947246
041 ## - Idioma
Código de idioma Español
082 ## - Clasificación Decimal Dewey
Número de clasificación 364.4 P862s
100 ## - Entrada principal--Autor personal
Nombre personal Pitch, Tamar
9 (RLIN) 25051
245 ## - Título propiamente dicho
Título La sociedad de la prevención
260 ## - Pie de imprenta
Lugar de publicación, distribución, etc. Argentina
260 ## - Pie de imprenta
Nombre del editor, distribuidor, etc. Ad-Hoc
260 ## - Pie de imprenta
Fecha de publicación, distribución, etc. 2009
300 ## - Descripción física
Extensión 186 páginas
490 ## - Serie
Título de la Serie Investigación Criminal
650 ## - Materia general
Temática (materia general) PREVENCIÓN DEL CRIMEN
650 ## - Materia general
Temática (materia general) DERECHO PENAL
650 ## - Materia general
Temática (materia general) INSEGURIDAD
650 ## - Materia general
Temática (materia general) POLÍTICA
650 ## - Materia general
Temática (materia general) PREVENCIÓN SEXUADA
650 ## - Materia general
Temática (materia general) MERCADO DE LA SEGURIDAD
650 ## - Materia general
Temática (materia general) VÍCTIMAS
650 ## - Materia general
Temática (materia general) PREVENCIÓN Y SEGURIDAD
650 ## - Materia general
Temática (materia general) POLÍTICA PREVENTIVA
942 ## - Punto de acceso adicional KOHA
Tipo de ítem KOHA Libro
Fuente del sistema de clasificación o colocación Dewey Decimal Classification
Existencias
Signatura completa Código de barras Programa Académico Tipo de ítem
364.4 P862s 16332 Investigación Criminal Libro